| 000 | 00723nam a2200229 i 4500 | ||
|---|---|---|---|
| 001 | 62041 | ||
| 003 | ES-MaACL | ||
| 005 | 20251018063047.0 | ||
| 007 | t| | ||
| 008 | 031117s1953 sp ||||1| spa d | ||
| 100 | 1 |
_aFaulkner, William, _d1897-1962 _9242365 |
|
| 245 | 1 | 3 |
_aEl villorrio / _cWilliam Faulkner ; [traducción por J. Napoletano Torre y P. Carbó Amiguet]. |
| 250 | _a[1ª ed.]. | ||
| 260 |
_aBarcelona : _bLuis de Caralt, _c[1953] ( _fS.G. de publicaciones) |
||
| 300 |
_a283 p. ; _c20 cm. |
||
| 490 | 1 | _aGigante | |
| 700 | 1 |
_aNapoletano Torre, J. _984915 |
|
| 700 | 1 |
_aCarbó Amiguet, P. _935020 |
|
| 830 | 0 |
_aGigante _9181050 |
|
| 852 |
_aES-MaACL _jD-9157 _bR.34258 |
||
| 999 |
_c62041 _d62041 |
||